| 000 | 01051nam a22002297a 4500 | ||
|---|---|---|---|
| 008 | 110405r19802000nyu|||||r|||| 000 0aeng d | ||
| 020 | _a0767905385 | ||
| 020 | _a9780767905381 | ||
| 082 |
_a364.163092 _bABA |
||
| 100 |
_922902 _aAbagnale, Frank W. _d1948- |
||
| 245 |
_aCatch Me If You Can : _bThe Amazing True Story of the Youngest and Most Daring Con Man in the History of Fun and Profit! / _cFrank W. Abagnale; with Stan Redding |
||
| 260 |
_aNew York : _bBroadway Books, 2000. _c2000 |
||
| 300 |
_a293 p. ; _c22 cm. |
||
| 500 | _aOriginally published: New York : Grosset & Dunlap, c1980. | ||
| 500 | _aBased on the true-life of Frank Abagnale | ||
| 586 | _aNational Bestseller | ||
| 650 |
_922903 _aImpostors and imposture _vBiography _zUnited States |
||
| 653 |
_bENG _cApril2011 _dBestSellers |
||
| 700 |
_922904 _aRedding, Stan |
||
| 942 |
_2ddc _cBB |
||
| 999 |
_c15073 _d15073 |
||